Places in Devon - sudden death - Statistics

General Stats
  • This quiz has been taken 47 times
  • The average score is 13 of 24
Answers on the Grid
Answers color-coded by a green-red scale on the quiz's grid according to % correct below.
Torbay
Hyde Park
Jersey
Lake District
Buckfast Abbey
Manchester
A cathedral
Dartmoor Prison
Walter Raleigh's birthplace
Ben Nevis
Isles of Scilly
Lord's
Paignton
Karbala
Bideford
Jane Austen's birthplace
Exeter
Chicago
Changwon
St James Park
Henry VIII's birthplace
Bude
Plymouth
Sydney
Barnstaple
Barysaw
A 2,000-foot peak
Sidmouth
Harry Kane's birthplace
Bukavu
Kingsbridge
Torquay
Dartmouth
Salta
Agatha Christie's birthplace
Dawlish
Salcombe
Sumy
Arad
Honiton
Enceladus
John le Carré's birthplace
Tiverton
Torpoint
Teignmouth
Francis Drake's birthplace
Totnes
Ruse
 
Answer Stats
Answer % Correct
Torbay
94%
Exeter
81%
Paignton
81%
Bideford
77%
Princetown Dartmoor Prison
77%
Torquay
77%
Plymouth
71%
Dartmouth
68%
Barnstaple
65%
Honiton
61%
Tiverton
61%
Exeter Cathedral A cathedral
55%
Buckfast Abbey
55%
Dawlish
55%
Salcombe
55%
Sidmouth
52%
Teignmouth
48%
Totnes
45%
Kingsbridge
39%
Exeter City FC St James Park
32%
Torquay Agatha Christie's birthplace
26%
Tavistock Francis Drake's birthplace
23%
Hayes Barton near East Budleigh Walter Raleigh's birthplace
19%
High Willhays, 2,039 feet A 2,000-foot peak
10%
No matching quizzes found
Score Distribution
Percent of People with Each Score
Percentile by Number Answered
Your Score History
You have not taken this quiz